000 00635nam a2200217Ia 4500
005 20250923150039.0
008 008 250917s9999 xx 000 0 eng d
037 _aTextual
040 _aDSWL
_beng
_cDSWL
041 _aeng
_2eng
084 _aYX,zo(L87:424):57, N98;1
_qDSWL
100 _aGokhale, S.D.
_9841639
245 0 _aRehabiliatatoh and intervention strategies
_c by S.D. Gokhale
260 _aMumbay
_bSomaiya
_c1998
300 _a127 p.
365 _aINR
_b165
700 _a R.H. Belavadi
_9841640
925 _g165
942 _cTEXL
_hYX,zo(L87:424):57, N98;1
999 _c1458942
_d1458942